Countries of Europe in Kaiserreich on a Map - Statistics

General Stats
  • This quiz has been taken 734 times
    456 since last reset
  • The average score is 35 of 42
Answers on the Map
Answers color-coded by a green-red scale on the quiz's map according to % correct below.
 
Answer Stats
Country
% Correct
Germany
97%
Russia
96%
Austria
95%
Commune of France
95%
Finland
95%
Hungary
95%
Sweden
95%
Ukraine
95%
Albania
94%
Norway
94%
Poland
94%
Portugal
94%
Spain
94%
Greece
93%
Netherlands
93%
Bulgaria
92%
Denmark
92%
Serbia
92%
Iceland
91%
Ottoman Empire
91%
Romania
91%
Switzerland
91%
Ireland
90%
Italian Republic
89%
Lithuania
89%
Andorra
87%
Liechtenstein
84%
Papal States
84%
San Marino
84%
Georgia
83%
Bohemia
81%
Union of Britain
81%
Sardinia
77%
Galicia and Lodomeria
71%
Flanders-Wallonia
62%
Kingdom of the Two Sicilies
60%
Illyria
56%
Austria-Hungary
55%
United Baltic Duchy
53%
White Ruthenia
49%
Socialist Republic of Italy
42%
National France
31%
No matching quizzes found
Score Distribution
Percent of People with Each Score
Percentile by Number Answered
Your Score History
You have not taken this quiz since the last reset